| 000 | 00721nmc a2200289 a 4500 | ||
|---|---|---|---|
| 003 | AR-X00000XY | ||
| 005 | 20251128211845.0 | ||
| 008 | 096120s1992 ||||||||||||||000 | spa|| | ||
| 020 | _a1-85326-025-8 | ||
| 040 | _cAR-X00000XY | ||
| 100 | 0 | _aHomero | |
| 245 | 1 | 0 | _aThe odyssey |
| 260 |
_aHertfordshire _bWordsworth Editions _c1992 |
||
| 300 | 0 | _a239 p. | |
| 490 | 0 | _aWordsworth classics of world literature | |
| 650 | 4 | _aLITERATURA GRIEGA | |
| 650 | 4 | _aLITERATURA CLASICA | |
| 650 | 4 | _aTRADICION ORAL | |
| 650 | 4 | _aMITOLOGIA | |
| 650 | 4 | _aRELIGION | |
| 650 | 4 | _aLITERATURA POPULAR | |
| 653 | 0 | _aEPICA | |
| 655 | _aLITERATURA | ||
| 700 | 1 |
_aShaw, T.E. _etraductor |
|
| 942 | _cBK | ||
| 998 | _cmartin | ||
| 999 |
_c21401 _d21401 |
||